[Event "Helsinki-ch Master"]
[Site "Helsinki"]
[Date "2020.01.02"]
[Round "5"]
[White "Sjoman, Tapani"]
[Black "Pasanen, Tuomo Tapio"]
[Result "0-1"]
[WhiteElo "1980"]
[BlackElo "2076"]
[PlyCount "48"]
[EventDate "2019.12.28"]
[EventType "tourn"]
[EventRounds "7"]
[EventCountry "FIN"]
[SourceTitle "EXT 2021"]
[Source "ChessBase"]
[SourceDate "2020.10.23"]
[SourceVersion "1"]
[SourceVersionDate "2020.10.23"]
[SourceQuality "1"]

1. d4 f5 2. Nf3 Nf6 3. g3 g6 4. Bg2 Bg7 5. 0-0 0-0 6. c4 d6 7. Nc3 Nc6 8. Re1 Ne4 9. e3 Nxc3 10. bxc3 Qe8 11. e4 e5 12. exf5 gxf5 13. c5 Qg6 14. cxd6 cxd6 15. dxe5 dxe5 16. Qd5+ Be6 17. Qb5 e4 18. Nh4 Qf7 19. Bf1 Bxc3 20. Bb2 Nd4 21. Bxc3 Nxb5 22. Bxb5 Bxa2 23. Ng2 Bc4 24. Rab1 Bxb5 0-1

[Event "Helsinki-ch Master"]
[Site "Helsinki"]
[Date "2019.12.28"]
[Round "1"]
[White "Aalto, Patrik"]
[Black "Pasanen, Tuomo Tapio"]
[Result "0-1"]
[WhiteElo "2112"]
[BlackElo "2076"]
[PlyCount "92"]
[EventDate "2019.12.28"]
[EventType "tourn"]
[EventRounds "7"]
[EventCountry "FIN"]
[SourceTitle "EXT 2021"]
[Source "ChessBase"]
[SourceDate "2020.10.23"]
[SourceVersion "1"]
[SourceVersionDate "2020.10.23"]
[SourceQuality "1"]

1. e4 e6 2. d4 d5 3. Nd2 Nf6 4. Bd3 c5 5. c3 cxd4 6. cxd4 Nc6 7. Ngf3 dxe4 8. Nxe4 Nxe4 9. Bxe4 Bb4+ 10. Bd2 Qa5 11. 0-0 Bxd2 12. Nxd2 0-0 13. Nb3 Qb6 14. Qc2 h6 15. Rfd1 Rd8 16. Qc5 Qxc5 17. dxc5 Bd7 18. Rd6 Kf8 19. Rad1 Ke7 20. f4 Be8 21. f5 e5 22. f6+ gxf6 23. Bf5 b6 24. Be4 bxc5 25. Rxd8 Rxd8 26. Rxd8 Kxd8 27. Nxc5 Kc7 28. Kf2 Kb6 29. Na4+ Kb5 30. Nc3+ Kc5 31. Nd5 f5 32. Nf6 fxe4 33. Ke3 Nb4 34. Nxe8 f5 35. Ng7 Nd5+ 36. Ke2 f4 37. Ne6+ Kd6 38. Ng7 Kc5 39. Ne6+ Kc4 40. Nd8 Ne3 41. Nc6 Kd5 42. Nb4+ Kc5 43. Na6+ Kd4 44. Nc7 Nxg2 45. Nb5+ Kc4 46. Nxa7 e3 0-1

[Event "Helsinki Ristoja 70 Years"]
[Site "Helsinki"]
[Date "2019.11.16"]
[Round "2"]
[White "Puuska, Heini"]
[Black "Pasanen, Tuomo Tapio"]
[Result "0-1"]
[WhiteElo "2000"]
[BlackElo "2078"]
[PlyCount "74"]
[EventDate "2019.11.15"]
[EventType "swiss"]
[EventRounds "5"]
[EventCountry "FIN"]
[SourceTitle "EXT 2021"]
[Source "ChessBase"]
[SourceDate "2020.10.23"]
[SourceVersion "1"]
[SourceVersionDate "2020.10.23"]
[SourceQuality "1"]

1. d4 e6 2. Bf4 f5 3. e3 Nf6 4. Bd3 b6 5. Qe2 Bb7 6. f3 Nc6 7. c3 Nh5 8. Bg3 Nxg3 9. hxg3 Qg5 10. g4 Bd6 11. f4 Qxg4 12. Qxg4 fxg4 13. Rxh7 Rxh7 14. Bxh7 Ne7 15. Bd3 Bxg2 16. Kf2 Bb7 17. Be2 g5 18. fxg5 g3+ 19. Ke1 Nf5 20. Kd2 Nh4 21. Na3 g2 22. Nc4 Bg3 23. Ne5 Bxe5 24. dxe5 Ke7 25. Nh3 Rf8 26. Rg1 Rf5 27. Bg4 Rxe5 28. Ke2 Nf5 29. Bxf5 Rxf5 30. g6 e5 31. Kd3 Kf6 32. Ke2 Kxg6 33. Nf2 Bf3+ 34. Ke1 Kh5 35. e4 Rf8 36. Kd2 Kh4 37. Ke3 Kg3 0-1

[Event "Helsinki-chB"]
[Site "Helsinki"]
[Date "2018.12.30"]
[Round "2"]
[White "Khanov, Pavel"]
[Black "Pasanen, Tuomo Tapio"]
[Result "0-1"]
[WhiteElo "1981"]
[BlackElo "1995"]
[PlyCount "83"]
[EventDate "2018.12.29"]
[EventType "tourn"]
[EventRounds "7"]
[EventCountry "FIN"]
[SourceTitle "EXT 2021"]
[Source "ChessBase"]
[SourceDate "2020.10.23"]
[SourceVersion "1"]
[SourceVersionDate "2020.10.23"]
[SourceQuality "1"]

1. d4 d5 2. c4 e6 3. Nf3 Nf6 4. g3 Be7 5. Bg2 0-0 6. 0-0 Nbd7 7. Nc3 c6 8. b3 b6 9. Qc2 Ba6 10. Rd1 Rc8 11. e4 dxc4 12. Ne2 cxb3 13. axb3 Bxe2 14. Qxe2 a5 15. Bb2 Bb4 16. Rac1 Qe7 17. Ne5 c5 18. Nxd7 Nxd7 19. d5 exd5 20. Rxd5 Rcd8 21. Rf5 f6 22. f4 Nb8 23. Qc4+ Kh8 24. Rd5 Rxd5 25. exd5 Re8 26. Bf3 Qe3+ 27. Kg2 Qd2+ 28. Kh3 Qxb2 29. d6 Rd8 30. Rd1 Qc3 31. Qe4 Qxb3 32. Qe7 Qg8 33. Rd5 c4 34. Bh5 Qf8 35. Qe4 c3 36. Bd1 g6 37. Bc2 Rxd6 38. Rh5 f5 39. Qe5+ Qf6 40. Qe8+ Kg7 41. Rh4 Rd8 42. Qb5 0-1

[Event "Helsinki KapSK op"]
[Site "Helsinki"]
[Date "2018.11.03"]
[Round "3"]
[White "Aalto, Patrik"]
[Black "Pasanen, Tuomo Tapio"]
[Result "1-0"]
[WhiteElo "1961"]
[BlackElo "2034"]
[PlyCount "69"]
[EventDate "2018.11.02"]
[EventType "swiss"]
[EventRounds "5"]
[EventCountry "FIN"]
[SourceTitle "EXT 2021"]
[Source "ChessBase"]
[SourceDate "2020.10.23"]
[SourceVersion "1"]
[SourceVersionDate "2020.10.23"]
[SourceQuality "1"]

1. e4 e6 2. d4 d5 3. Nd2 Nf6 4. Bd3 dxe4 5. Nxe4 Nxe4 6. Bxe4 c5 7. Nf3 Nd7 8. 0-0 Nf6 9. Bd3 a6 10. dxc5 Bxc5 11. Qe2 0-0 12. Bg5 Be7 13. Ne5 h6 14. Bd2 Qc7 15. Ng4 Nxg4 16. Qxg4 f5 17. Qc4 Qxc4 18. Bxc4 b5 19. Bb3 Bf6 20. Bc3 Bxc3 21. bxc3 a5 22. Rfe1 Kf7 23. a4 b4 24. cxb4 axb4 25. Re5 Kf6 26. Rb5 Rd8 27. Rxb4 Rd2 28. Rb6 Bd7 29. h3 Ra5 30. Re1 Kg5 31. g3 e5 32. Rxe5 Rxe5 33. f4+ Kh5 34. Bf7+ g6 35. Bxg6# 1-0

[Event "Helsinki Easter op"]
[Site "Helsinki"]
[Date "2018.04.01"]
[Round "5"]
[White "Pasanen, Tuomo Tapio"]
[Black "Eklund, Kari"]
[Result "0-1"]
[WhiteElo "2041"]
[BlackElo "2078"]
[PlyCount "62"]
[EventDate "2018.03.30"]
[EventType "swiss"]
[EventRounds "6"]
[EventCountry "FIN"]
[SourceTitle "EXT 2019"]
[Source "ChessBase"]
[SourceDate "2018.10.10"]
[SourceVersion "1"]
[SourceVersionDate "2018.10.10"]
[SourceQuality "1"]

1. f4 Nf6 2. Nf3 g6 3. g3 b6 4. Bg2 Bb7 5. 0-0 Bg7 6. d3 0-0 7. e4 c5 8. Qe1 d6 9. Nbd2 Nc6 10. c3 e6 11. h3 Qc7 12. g4 b5 13. Qh4 b4 14. c4 Nd7 15. Nb3 a5 16. f5 exf5 17. gxf5 a4 18. Ng5 h6 19. fxg6 fxg6 20. Ne6 Rxf1+ 21. Bxf1 Qc8 22. Nxg7 axb3 23. Be2 Nde5 24. Bxh6 Nd4 25. Kh1 Nxe2 26. Nh5 Qf5 27. Nf6+ Kf7 28. Bg5 Rh8 29. Qxh8 Qf3+ 30. Kh2 Qf2+ 31. Kh1 Ng3# 0-1

[Event "Helsinki Easter op"]
[Site "Helsinki"]
[Date "2018.03.30"]
[Round "1"]
[White "Patola, Eero"]
[Black "Pasanen, Tuomo Tapio"]
[Result "1-0"]
[WhiteElo "1823"]
[BlackElo "2041"]
[PlyCount "109"]
[EventDate "2018.03.30"]
[EventType "swiss"]
[EventRounds "6"]
[EventCountry "FIN"]
[SourceTitle "EXT 2019"]
[Source "ChessBase"]
[SourceDate "2018.10.10"]
[SourceVersion "1"]
[SourceVersionDate "2018.10.10"]
[SourceQuality "1"]

1. e4 e6 2. Qe2 c5 3. Nf3 g6 4. g3 Bg7 5. Bg2 Ne7 6. 0-0 0-0 7. c3 Nbc6 8. d3 d5 9. Be3 b6 10. Qd2 Ba6 11. Re1 Re8 12. Bg5 Qc7 13. Bxe7 Rxe7 14. exd5 exd5 15. Na3 Rd8 16. Nc2 Rxe1+ 17. Rxe1 Qd7 18. d4 cxd4 19. Ncxd4 Nxd4 20. Nxd4 Bf6 21. Nc2 Kg7 22. Rd1 Qa4 23. Nb4 d4 24. Bc6 Qa5 25. Qc2 d3 26. Qa4 Qh5 27. Nxa6 Qe2 28. Rb1 Qc2 29. Rf1 Qxb2 30. Qb3 Qxc3 31. Qxc3 Bxc3 32. Bf3 d2 33. Nc7 a6 34. Nd5 Ba5 35. Ne3 Rd3 36. Be2 Ra3 37. Bc4 Rc3 38. Bb3 b5 39. Rd1 Rd3 40. Kf1 Bc3 41. Nd5 b4 42. Ke2 Rd4 43. f3 a5 44. Ke3 Bb2 45. Rxd2 Rxd2 46. Kxd2 h5 47. Ne3 Be5 48. Nc4 Bc7 49. Ke3 g5 50. Ke4 h4 51. gxh4 gxh4 52. h3 Kf6 53. Ne3 Bg3 54. f4 Ke7 55. Nf5+ 1-0

[Event "Helsinki-ch Master"]
[Site "Helsinki"]
[Date "2017.12.30"]
[Round "3"]
[White "Eklund, Kari"]
[Black "Pasanen, Tuomo Tapio"]
[Result "1/2-1/2"]
[WhiteElo "2047"]
[BlackElo "1995"]
[PlyCount "73"]
[EventDate "2017.12.29"]
[EventType "tourn"]
[EventRounds "7"]
[EventCountry "FIN"]
[SourceTitle "EXT 2019"]
[Source "ChessBase"]
[SourceDate "2018.10.10"]
[SourceVersion "1"]
[SourceVersionDate "2018.10.10"]
[SourceQuality "1"]

1. Nf3 f5 2. c4 Nf6 3. g3 d6 4. d4 g6 5. Bg2 Bg7 6. Nc3 0-0 7. 0-0 Nc6 8. d5 Ne5 9. Nxe5 dxe5 10. e4 f4 11. gxf4 exf4 12. e5 Ng4 13. e6 Ne5 14. Re1 f3 15. Bf1 c6 16. Re4 Qe8 17. Qe1 Rf5 18. Bf4 Ng4 19. Bg3 Nf6 20. Re5 Nh5 21. Rxf5 gxf5 22. Qe3 Qg6 23. Qxf3 f4 24. Bd3 Qg5 25. Ne4 Qe5 26. Bh4 cxd5 27. Ng5 Nf6 28. cxd5 h6 29. Ne4 Nxd5 30. Nc5 b6 31. Be4 bxc5 32. Bxd5 Rb8 33. Bxe7 Bxe6 34. Bxe6+ Qxe6 35. Bxc5 Rxb2 36. Bxa7 Qg6+ 37. Kh1 1/2-1/2

[Event "FIN-chT2 Gp1 1718"]
[Site "Finland"]
[Date "2017.09.16"]
[Round "1.3"]
[White "Pasanen, Tuomo Tapio"]
[Black "Ihaksi, Arto"]
[Result "0-1"]
[WhiteElo "2029"]
[BlackElo "1873"]
[PlyCount "76"]
[EventDate "2017.09.16"]
[EventType "team-tourn"]
[EventRounds "7"]
[EventCountry "FIN"]
[SourceTitle "EXT 2020"]
[Source "ChessBase"]
[SourceDate "2019.10.17"]
[SourceVersion "1"]
[SourceVersionDate "2019.10.17"]
[SourceQuality "1"]
[WhiteTeam "Helsinki HSK"]
[BlackTeam "Kotka KymS II"]
[WhiteTeamCountry "FIN"]
[BlackTeamCountry "FIN"]

1. Nf3 d5 2. d4 g6 3. c4 Nf6 4. g3 Bg7 5. Bg2 c6 6. 0-0 0-0 7. Ne5 Nbd7 8. Nc3 Nb6 9. b3 Be6 10. c5 Nbd7 11. Nf3 b6 12. b4 bxc5 13. bxc5 Ne4 14. Nxe4 dxe4 15. Ng5 Bd5 16. Be3 f5 17. Nh3 e5 18. a4 h6 19. dxe5 Nxe5 20. Nf4 Bf7 21. Rb1 Ng4 22. Rb7 g5 23. Nh3 Qxd1 24. Rxd1 Nxe3 25. fxe3 Bd5 26. Rdb1 Rf7 27. g4 Bf8 28. Rxf7 Kxf7 29. gxf5 Bxc5 30. Rb7+ Kf6 31. Nf2 Bxe3 32. Kf1 Kxf5 33. Bh3+ Ke5 34. Ng4+ Kd4 35. Nxh6 Rf8+ 36. Ke1 Kc3 37. Ng4 Bd2+ 38. Kd1 e3 0-1

[Event "Helsinki ESK 70 Anniv M"]
[Site "Helsinki"]
[Date "2016.12.04"]
[Round "5"]
[White "Pasanen, Tuomo Tapio"]
[Black "Gronroos, Matti"]
[Result "1-0"]
[WhiteElo "2035"]
[BlackElo "1981"]
[PlyCount "95"]
[EventDate "2016.12.02"]
[EventType "tourn"]
[EventRounds "7"]
[EventCountry "FIN"]
[SourceTitle "EXT 2022"]
[Source "ChessBase"]
[SourceDate "2021.10.06"]
[SourceVersion "1"]
[SourceVersionDate "2021.10.06"]
[SourceQuality "1"]

1. d3 d5 2. f4 Bf5 3. g3 c6 4. Bg2 Nf6 5. Nf3 e6 6. e3 Bc5 7. Qe2 h6 8. Nbd2 a5 9. 0-0 0-0 10. Kh1 a4 11. e4 dxe4 12. dxe4 Bh7 13. e5 Nd5 14. Ne4 Be7 15. c4 Nb4 16. Rd1 Qc7 17. a3 N4a6 18. Nd6 Nc5 19. Be3 Nb3 20. Ra2 Nd7 21. Nd4 Ndc5 22. Nxb3 Nxb3 23. c5 Rfd8 24. Bf3 Rd7 25. Qc4 Bf8 26. Rf1 Qa5 27. g4 Qa6 28. Be2 Qxc4 29. Bxc4 Ra5 30. Bxb3 axb3 31. Raa1 Ra4 32. Rad1 Bc2 33. Rd4 Rxd4 34. Bxd4 Be7 35. Kg1 Bd8 36. h3 Bc7 37. f5 Bb8 38. Rf4 Ba7 39. f6 gxf6 40. Rxf6 Bg6 41. Be3 Kg7 42. Kh2 Bb8 43. h4 h5 44. gxh5 Bxh5 45. Bh6+ Kg8 46. Bg5 Ba7 47. Rh6 Bxc5 48. Bf6 1-0

[Event "FIN-chT1A 1516"]
[Site "Finland"]
[Date "2015.11.07"]
[Round "4.6"]
[White "Kopsa, Petri"]
[Black "Pasanen, Tuomo Tapio"]
[Result "1-0"]
[WhiteElo "2037"]
[BlackElo "2042"]
[PlyCount "93"]
[EventDate "2015.09.12"]
[EventType "team-tourn"]
[EventRounds "8"]
[EventCountry "FIN"]
[SourceTitle "EXT 2017"]
[Source "ChessBase"]
[SourceDate "2016.10.25"]
[SourceVersion "1"]
[SourceVersionDate "2016.10.25"]
[SourceQuality "1"]
[WhiteTeam "Helsinki HSK II"]
[BlackTeam "Helsinki I-HSK"]
[WhiteTeamCountry "FIN"]
[BlackTeamCountry "FIN"]

1. d4 e6 2. c4 d5 3. Nc3 Nf6 4. cxd5 exd5 5. Bg5 Be7 6. Qc2 0-0 7. e3 c6 8. Bd3 Nbd7 9. Nge2 h6 10. Bh4 b5 11. f3 Nb6 12. 0-0 Nc4 13. Bf2 Re8 14. Rae1 Bd7 15. Kh1 Bd6 16. Ng3 Bxg3 17. hxg3 Qc7 18. b3 Na3 19. Qc1 b4 20. Na4 Rad8 21. Re2 Bc8 22. g4 a5 23. Qe1 Nb5 24. Bxb5 cxb5 25. Nc5 Qc6 26. Bg3 g5 27. Qf2 h5 28. gxh5 Nxh5 29. Bh2 Qh6 30. Kg1 f5 31. g4 fxg4 32. fxg4 Bxg4 33. Qf7+ Kh8 34. Ref2 Rxe3 35. Be5+ Rxe5 36. dxe5 Nf4 37. Rh2 Nh3+ 38. Kg2 d4 39. Qf6+ Qxf6 40. Rxf6 d3 41. Rd6 Rxd6 42. exd6 d2 43. Rh1 d1Q 44. Rxd1 Nf4+ 45. Kg3 Bxd1 46. d7 Nh5+ 47. Kf2 1-0

[Event "Helsinki-ch 2015"]
[Site "Helsinki"]
[Date "2015.01.03"]
[Round "5.10"]
[White "Sjoman, Tapani"]
[Black "Pasanen, Tuomo Tapio"]
[Result "1/2-1/2"]
[WhiteElo "1973"]
[BlackElo "1994"]
[PlyCount "112"]
[EventDate "2014.12.29"]
[EventType "swiss"]
[EventRounds "7"]
[EventCountry "FIN"]
[SourceTitle "EXT 2022"]
[Source "ChessBase"]
[SourceDate "2021.10.06"]
[SourceVersion "1"]
[SourceVersionDate "2021.10.06"]
[SourceQuality "1"]

1. d4 f5 2. h3 d5 3. Nf3 Nf6 4. Ne5 Nbd7 5. Bf4 e6 6. g4 Ne4 7. Nxd7 Bxd7 8. Bg2 Bd6 9. Bxd6 cxd6 10. Bxe4 fxe4 11. Qd2 0-0 12. Qe3 e5 13. Nc3 Bc6 14. 0-0-0 Qa5 15. f3 exf3 16. exf3 Rae8 17. Rhf1 b5 18. Nb1 Qxa2 19. Qa3 Qxa3 20. bxa3 Rf4 21. c3 a5 22. Rde1 exd4 23. Rxe8+ Bxe8 24. cxd4 Rxd4 25. Re1 Kf7 26. Re3 b4 27. Kb2 Bb5 28. h4 Rd1 29. Kc2 Ba4+ 30. Kb2 d4 31. Re2 bxa3+ 32. Nxa3 d3 33. Re4 Bc6 34. Rc4 Bxf3 35. Rf4+ Ke6 36. Rxf3 Kd5 37. Kc3 Ke4 38. Rf7 Ra1 39. Re7+ Kd5 40. Nb5 Kc5 41. Nc7 Ra3+ 42. Kd2 Kc4 43. Rxg7 Ra2+ 44. Kd1 a4 45. Rd7 a3 46. Rxd6 d2 47. Rc6+ Kd3 48. Rd6+ Ke4 49. Nb5 Ke5 50. Ra6 Kf4 51. g5 Kg4 52. Ra4+ Kh5 53. Nxa3 Ra1+ 54. Kxd2 Rh1 55. Ra7 Rxh4 56. Rxh7+ Kxg5 1/2-1/2

[Event "Helsinki op"]
[Site "Helsinki"]
[Date "2014.12.10"]
[Round "4.9"]
[White "Pasanen, Tuomo Tapio"]
[Black "Nystrom, Leif"]
[Result "1-0"]
[WhiteElo "1994"]
[BlackElo "1961"]
[PlyCount "95"]
[EventDate "2014.12.10"]
[EventType "swiss"]
[EventRounds "5"]
[EventCountry "FIN"]
[SourceTitle "EXT 2022"]
[Source "ChessBase"]
[SourceDate "2021.10.06"]
[SourceVersion "1"]
[SourceVersionDate "2021.10.06"]
[SourceQuality "1"]

1. d4 Nf6 2. c4 g6 3. Nc3 d5 4. Bf4 Bg7 5. e3 c6 6. Nf3 0-0 7. Rc1 Qa5 8. Bd3 dxc4 9. Bxc4 Nd5 10. Be5 Be6 11. Bxg7 Kxg7 12. Ng5 Bc8 13. Bxd5 cxd5 14. 0-0 h6 15. Nf3 Bg4 16. Qb3 Bxf3 17. gxf3 e6 18. Qxb7 Na6 19. Qb5 Qxb5 20. Nxb5 Rfb8 21. a4 Rb7 22. Rc3 Rd8 23. Rfc1 Rdd7 24. Kf1 Kf6 25. Ke2 Nb4 26. Rb3 Na6 27. Rbc3 Nb4 28. Rc7 a6 29. Rxd7 Rxd7 30. Rc7 Rxc7 31. Nxc7 Kg5 32. a5 Kh4 33. Kd2 Kh3 34. Kc3 Nc6 35. b4 Nb8 36. Nxa6 Nc6 37. Nc5 Kxh2 38. a6 Na7 39. Kb3 Kg2 40. Ka4 h5 41. b5 Nc8 42. Nd3 g5 43. Ne5 h4 44. Ka5 h3 45. b6 h2 46. b7 Ne7 47. b8Q h1Q 48. a7 1-0

[Event "Helsinki op"]
[Site "Helsinki"]
[Date "2014.12.10"]
[Round "3.10"]
[White "Pasanen, Tuomo Tapio"]
[Black "Tiihonen, Ilpo"]
[Result "1/2-1/2"]
[WhiteElo "1994"]
[BlackElo "1909"]
[PlyCount "133"]
[EventDate "2014.12.10"]
[EventType "swiss"]
[EventRounds "5"]
[EventCountry "FIN"]
[SourceTitle "EXT 2022"]
[Source "ChessBase"]
[SourceDate "2021.10.06"]
[SourceVersion "1"]
[SourceVersionDate "2021.10.06"]
[SourceQuality "1"]

1. d4 d5 2. Nf3 Nf6 3. c4 c6 4. g3 e6 5. Bg2 Nbd7 6. Qc2 Be7 7. 0-0 0-0 8. Rd1 b6 9. Ne5 Bb7 10. cxd5 cxd5 11. Nc6 Bxc6 12. Qxc6 Qc8 13. Qa4 Qc7 14. Nc3 a6 15. e4 b5 16. Qb3 b4 17. Bf4 Qa7 18. e5 Nh5 19. Nxd5 exd5 20. Bxd5 Nxf4 21. gxf4 Rac8 22. Qh3 Rfd8 23. Qf5 Rf8 24. Kh1 Rcd8 25. Rd3 Nb6 26. Be4 g6 27. Rg1 Qd7 28. Qh5 Kh8 29. Qh6 Rg8 30. Rh3 Rg7 31. f5 Qxd4 32. f6 Bxf6 33. exf6 Qxf6 34. f3 Qxb2 35. Qg5 Qd2 36. Qe7 Qd7 37. Qg5 Rc8 38. Rh4 f5 39. Bb1 a5 40. Qf6 Qc6 41. Qxc6 Rxc6 42. Rd4 h6 43. Bd3 Kh7 44. Re1 Rc3 45. Re6 Nd7 46. Bb5 Nc5 47. Re5 Nb7 48. Ba6 Rc1+ 49. Kg2 Rc2+ 50. Kg3 Rxa2 51. Rb5 a4 52. Bxb7 b3 53. Bd5 Ra7 54. Rdb4 Rd2 55. Rb7+ Rxb7 56. Rxb7+ Kh8 57. Bxb3 axb3 58. Rxb3 Kg7 59. h4 Rd6 60. Rb7+ Kf6 61. Rh7 h5 62. Rh8 Rd4 63. f4 Rd1 64. Kg2 Rd6 65. Ra8 Ke6 66. Ra5 Rc6 67. Rb5 1/2-1/2